Computer graphics: principles and practice (Record no. 131951)

000 -LEADER
fixed length control field 00344nam a2200121Ia 4500
008 - FIXED-LENGTH DATA ELEMENTS--GENERAL INFORMATION
fixed length control field 220120s9999||||xx |||||||||||||| ||und||
020 ## - INTERNATIONAL STANDARD BOOK NUMBER
International Standard Book Number 81-7808-137-7
100 ## - MAIN ENTRY--PERSONAL NAME
Personal name Foley, James, D
9 (RLIN) 12900
245 #0 - TITLE STATEMENT
Title Computer graphics: principles and practice
260 ## - PUBLICATION, DISTRIBUTION, ETC.
Name of publisher, distributor, etc. Delhi
Date of publication, distribution, etc. 2001
300 ## - PHYSICAL DESCRIPTION
Extent XXIII, 1174p.
Other physical details 450
650 ## - SUBJECT ADDED ENTRY--TOPICAL TERM
Topical term or geographic name entry element DATA FILES & DATABASE
9 (RLIN) 695
Holdings
Withdrawn status Lost status Source of classification or shelving scheme Damaged status Not for loan Collection code Home library Current library Shelving location Date acquired Barcode Date last seen Price effective from Koha item type
          Computer Science and Engineering Central Library Central Library Book Cart 01/20/2022 SC8 10/17/2022 01/20/2022 Scheduled Caste Book Bank

Powered by Koha